|
|
|
|
| LEADER |
01383cam a2200313 a 4500 |
| 001 |
4771466 |
| 003 |
GR-PaULI |
| 005 |
20210930132445.0 |
| 008 |
870105s1986 nyua b 101 0 eng |
| 952 |
|
|
|0 0
|1 0
|2 ddc
|4 0
|6 Π_Σ_616_992000000000000_8_NEU
|7 0
|9 214592
|a LISP
|b LISP
|c REF
|d 2017-08-22
|i 06168
|l 0
|o Π/Σ 616.992 8 NEU
|p 025000113329
|r 2017-08-22 00:00:00
|t 1
|v 2017.00
|w 2017-08-22
|y BKN
|
| 999 |
|
|
|c 77774
|d 77774
|
| 020 |
|
|
|a 0897663675
|
| 020 |
|
|
|a 0897663683
|q (χαρτόδετο)
|
| 040 |
|
|
|a DLC
|c DLC
|d
|b gre
|e AACR2
|
| 082 |
0 |
0 |
|a 616.992 8
|2 23
|
| 245 |
0 |
0 |
|a Neurofibromatosis /
|c edited by Allan E. Rubenstein, Richard P. Bunge, and David E. Housman.
|
| 260 |
|
|
|a New York, N.Y. :
|b New York Academy of Sciences,
|c 1986.
|
| 300 |
|
|
|a 414 σ. :
|b εικ. ;
|c 24 εκ.
|
| 490 |
|
|
|a Annals of the New York Academy of Sciences
|v 486.
|
| 500 |
|
|
|a
|
| 504 |
|
|
|a Περιλαμβάνει βιβλιογραφία και ευρετήριο.
|
| 650 |
|
0 |
|a Νευροϊνωμάτωση
|9 163679
|
| 700 |
1 |
|
|a Rubenstein, Allan E.,
|d 1944-
|9 163676
|e επιμελητής.
|
| 700 |
1 |
|
|a Bunge, Richard P.,
|d 1932-
|9 163677
|e επιμελητής.
|
| 700 |
1 |
|
|a Housman, David E.
|9 163678
|e επιμελητής.
|
| 710 |
|
|
|a New York Academy of Sciences
|9 35619
|
| 830 |
|
|
|9 162896
|a Annals of the New York Academy of Sciences
|v 486.
|
| 942 |
|
|
|2 ddc
|c BKN
|
| 998 |
|
|
|c ΜΠΟΥΡΑΣ
|d 2017-08
|